000 00664nam a2200205Ii 4500
003 JO-AjNU
008 230605s9999||||xx |||||||||||||| ||und||
040 _aJO-AjNU
_bara
_erda
_cJO-AjNU
041 _aara
050 1 4 _aHD58.6.A55.2003
100 3 _aعفيفي،صديق محمد/جرمين حزين سعد,
_eauthor
_932827
245 0 0 _aالتفاوض الفعال في الحياة والاعمال
250 _aط7
264 3 1 _aالاسكندرية:مكتبة عين شمس،2003
300 _a246ص
336 _atext
_btxt
_2rdacontent
337 _aunmediated
_bn
_2rdamedia
338 _avolume
_bnc
_2rdacarrier
650 4 _aالتفاوض
_932828
999 _aA13297
_c16865
_d16865